| 000 | 00511nam a2200181Ia 4500 | ||
|---|---|---|---|
| 008 | 210719s1997 xx 000 0 und d | ||
| 041 | _aeng | ||
| 082 | _a820.33 DEBS | ||
| 100 | _aDEBI (Ashapurna) | ||
| 245 | _aSubarnalata Tr by Gopa Majumdar | ||
| 260 |
_aChennai _bMacmillan India Ltd. _c1997 |
||
| 300 |
_av---213 _bPB |
||
| 365 |
_b140 _cRs |
||
| 650 | _aIndian English Fiction | ||
| 650 | _aIndian English Literature | ||
| 700 | _aGopa Majumdar | ||
| 906 | _aby ; Gopa ; Majumdar ; Subarnalata ; Tr. | ||
| 999 |
_c214898 _d214898 |
||